Ministerstvo financií SR navrhuje s účinnosťou od 1. 11. 2014 viacero zmien v zákone o miestnych daniach
Zmeny, ktoré navrhuje Ministerstvo financií SR v zákone o miestnych daniach s účinnosťou od 1. novembra 2014.
Na minha lista:
| Autor principal: | |
|---|---|
| Formato: | Capítulo de Livro |
| Idioma: | eslovaco |
| Assuntos: | |
| Tags: |
Sem tags, seja o primeiro a adicionar uma tag!
|
MARC
| LEADER | 00000nla a2200000 4500 | ||
|---|---|---|---|
| 001 | 0185161 | ||
| 005 | 20240502073155.6 | ||
| 041 | 0 | |a slo | |
| 044 | |a SK | ||
| 245 | 1 | 0 | |a Ministerstvo financií SR navrhuje s účinnosťou od 1. 11. 2014 viacero zmien v zákone o miestnych daniach |c Zuzana Neupauerová |
| 520 | |a Zmeny, ktoré navrhuje Ministerstvo financií SR v zákone o miestnych daniach s účinnosťou od 1. novembra 2014. | ||
| 610 | 2 | 0 | |a dane miestne |
| 610 | 2 | 0 | |a stavby |
| 610 | 2 | 0 | |a nehnuteľnosti |
| 610 | 2 | 0 | |a pozemky |
| 610 | 2 | 0 | |a zariadenia ubytovacie |
| 610 | 2 | 0 | |a správa daňová |
| 100 | 1 | |a Neupauerová, Zuzana | |